« Retourner aux résultats de recherche
Musculation sans appareil (La)
plus de 100 exercices efficaces à faire chez soi
| Auteur principal: | Ingo Froböse |
|---|---|
| D'autres auteurs: | Flora Brunier |
| Support: | Livres |
| Langue: | Francais |
| Publié: |
2015 Ed. Médicis Paris |
| Genre: |
Documentaire |
| Sujets: | |
| Étiquettes: |
Ajouter
Pas de Tags !
|
| LEADER | 00939nam0a2200205 450 | ||
|---|---|---|---|
| 001 | 16848365 | ||
| 010 | |a 978-2-85327-606-1 |b br. |d 19,9 | ||
| 100 | |a 20151008d2015 u u0frey01 ba | ||
| 101 | 1 | |a fre |c ger | |
| 102 | |a FR | ||
| 200 | 0 | |a Musculation sans appareil (La) |e plus de 100 exercices efficaces à faire chez soi |f Dr Ingo Froböse |g traduit de l'allemand par Flora Brunier | |
| 207 | 1 | |a | |
| 210 | |a Paris |c Ed. Médicis |d 2015 | ||
| 215 | |a 1 vol. (158 p.) |c illustrations en couleur |d 24 x 17 cm | ||
| 330 | |a Une centaine d'exercices de musculation développés par des chercheurs en sport pour améliorer sa condition physique, son endurance, sa coordination, sa stabilité et sa force musculaire. | ||
| 700 | 0 | |a Froböse |b Ingo |4 70 | |
| 702 | 0 | |a Brunier |b Flora |4 730 | |
| 900 | |a Documentaire | ||
| 901 | |a Accessible au prêt | ||
| 995 | |a Bibliothèque |c Bibliothèque |f 00156010025021 |h 00156010025021 |k 796.41 FRO |o p |q a |r az |e Bibliothèque | ||
